LEADER 01536nas 2200433-a 450 001 9910890920203321 005 20260218110501.0 024 8 $a955775-1s 035 $a(DE-599)ZDB2574104-4 035 $a(CKB)111088196148042 035 $a(CONSER)--2003243733 035 $a(DcWaBHL)61293 035 $a(DE-599)2574104-4 035 $a(EXLCZ)99111088196148042 100 $a19800313b19191922 --- b 101 0 $ager 181 $ctxt$2rdacontent 182 $cc$2rdamedia 183 $acr$2rdacarrier 200 00$aAbhandlungen der Bayerischen Akademie der Wissenschaften, Mathematisch-Physikalische Klasse 210 $aMünchen $cVerlag der Bayerischen Akademie der Wissenschaften$d1919-1922 215 $a1 online resource 311 08$aPrint version: Abhandlungen der Bayerischen Akademie der Wissenschaften, Mathematisch-Physikalische Klasse. 0176-7038 (DLC) 2003243733 (OCoLC)6080197 606 $aScience 606 $aNatural Science Disciplines 606 $aMathematics 606 $aScience$2fast$3(OCoLC)fst01108176 608 $aPeriodicals.$2lcgft 615 0$aScience. 615 12$aNatural Science Disciplines. 615 22$aMathematics. 615 7$aScience. 676 $a506 712 02$aBayerische Akademie der Wissenschaften.$bMathematisch-Physikalische Klasse. 906 $aJOURNAL 912 $a9910890920203321 920 $aexl_impl conversion 996 $aAbhandlungen der Bayerischen Akademie der Wissenschaften, Mathematisch-Physikalische Klasse$94258726 997 $aUNINA